000 00612nam a22001817a 4500
005 20251108165810.0
008 250721s9999 xx 000 0 ara d
082 1 4 _aم/354.565/أرد
245 1 0 _aالتقرير السنوي المقدم إلى مجلس النواب من ديوان المحاسبة عن أعمال الديوان عدد 2- 1951 /
264 1 _aعمان :
_bالمؤلف،
650 1 7 _aالأردن
650 1 7 _aالسياسة
650 1 7 _aالحكومة
650 1 7 _aالتقارير
710 2 _aالأردن . ديوان المحاسبة
942 _2ddc
_cREF
999 _c31569
_d31569